000 01083nam0a22002771 4500
001 rc\663469
005 20250621202941.0
035 _a(NLR Aleph) 005902502
090 _a6291717
_c6291717
100 _a20031121d1986 |||y0rusy50 ca
101 0 _arus
102 _aRU
105 _aa |||||||||
200 1 _aУчение В.И. Вернадского о преобразовании биосферы и экология человека
210 _aМ.
_cЗнание
_d1986
215 _a47, [1] с.
_cкарт.
_d20
225 1 _aНовое в жизни, науке, технике
_iНауки о Земле
_v3
320 _aБиблиогр.: с. 47-48 (31 назв.)
600 1 _aВернадский
_bВ.И.
_gВладимир Иванович
_2psbo
700 1 _aКазначеев
_bВ.П.
_f1924-
_gВлаиль Петрович
701 1 _7ca
_8rus
_aЯншина
_bФ. Т.
_f1933-2011
_gФидан Тауфиковна
_9185157
_3RU\NLR\AUTH\770185208
801 0 _aRU
_bNLR
_gpsbo
801 1 _aRU
_bELAR
_2rusmarc
852 _aNLR
_j86-4/3437
942 _cBOOK
980 _aNB